000 00854nam a2200265 a 4500
001 65082
003 BD-RjUL
005 20211209081402.0
008 170226r1974 enk b 001 0 eng
020 _a0333146360
035 _a(BD-RjUL)65212
040 _aDLC
_cDLC
_dBD-RjUL
_beng
041 _aeng
082 0 0 _a820.9008
_223
_bBET 1974
100 1 _aBergonzi, Bernard.
_9192819
245 1 4 _aThe turn of a century :
_bessays on Victorian and modern English literature.
_cBernard Bergonzi
260 _aLondon :
_bMacmillan,
_c1974.
300 _ax, 222 p. ;
_c23 cm.
350 _a£4.25
504 _aIncludes bibliographical references.
650 0 _aEnglish literature
_y19th century
_xHistory and criticism.
_9185570
650 0 _aEnglish literature
_y20th century
_xHistory and criticism.
_9192820
942 _2ddc
_cBK
999 _c65082
_d65082